Where Same-sex Marriage is Illegal Quiz Stats

 Plays Quiz not verified by Sporcle

Support Sporcle.
Go Orange.
Score 0/74 Timer 10:00
0 Plays Today
Illegal For Country % Correct
Men and WomenIran
91.3%
Men and WomenSaudi Arabia
87%
Men and WomenAfghanistan
87%
Men and WomenPakistan
87%
MenEgypt
84.8%
Men and Women Nigeria
84.8%
Men and Women Kenya
84.8%
Muslims in South Sumatra and Aceh Indonesia
84.8%
Men and Women Libya
82.6%
Men and WomenSudan
82.6%
Men and Women Somalia
82.6%
Men and WomenSyria
82.6%
Men and Women Algeria
80.4%
Men and WomenMorocco
80.4%
Men and WomenSenegal
80.4%
Men and Women Tanzania
80.4%
MenZimbabwe
80.4%
Men Kuwait
80.4%
Men and WomenIndia
80.4%
Men and WomenSouth Sudan
78.3%
Men and WomenTunisia
78.3%
Men Sierra Leone
78.3%
Muslims Qatar
78.3%
Men and WomenYemen
78.3%
Men and Women Gambia
76.1%
Men Ghana
76.1%
Men and WomenEritrea
76.1%
Men and WomenEthiopia
76.1%
Men and WomenZambia
76.1%
Men and WomenBangladesh
76.1%
Men and WomenUganda
73.9%
Men and WomenOman
73.9%
Muslims in Marawi CityPhilippines
73.9%
Men Malaysia
73.9%
Men and Women Guinea
71.7%
Men and Women Liberia
71.7%
Men and Women Mauritania
71.7%
Illegal For Country % Correct
Men and Women Cameroon
71.7%
Men and Women Burundi
71.7%
Men and WomenAngola
71.7%
Men and WomenBotswana
71.7%
Men Turkmenistan
71.7%
Men Uzbekistan
69.6%
Men and WomenBhutan
69.6%
Men and WomenBrunei
69.6%
Men and Women Comoros
67.4%
Men and Women Malawi
67.4%
Men Namibia
67.4%
Men and Women Maldives
67.4%
Men and WomenMyanmar
67.4%
Men and WomenSri Lanka
67.4%
Men and Women Togo
65.2%
Men Swaziland
65.2%
MenGrenada
65.2%
MenSingapore
65.2%
Men and WomenDominica
63%
Men St. Lucia
63%
Men and Women Guyana
63%
Men Seychelles
60.9%
MenBelize
60.9%
Men and WomenAntigua and Barbuda
60.9%
Men Jamaica
60.9%
Men and WomenTrinidad and Tobago
60.9%
Men and WomenBarbados
58.7%
MenPapua New Guinea
58.7%
MenTonga
58.7%
Men and WomenSolomon Islands
56.5%
MenNauru
54.3%
MenSamoa
54.3%
Men St. Kitts and Nevis
52.2%
Men Tuvalu
50%
MenKiribati
47.8%
Men and WomenSt. Vincent and the Grenadines
37%
Men and WomenUnited Arab Emirates
37%

You're not logged in!

Compare scores with friends on all Sporcle quizzes.
OR
Log In

From the Vault

100 Directors

by anchors_away

You'd be better finish before one of these guys yells 'CUT!'.
Remove Ads.
Support Sporcle.
Get the best of Sporcle when you Go Orange. This ad-free experience offers more features, more stats, and more fun while also helping to support Sporcle. Thank you for becoming a member.

Show Comments

Extras

Top Quizzes Today


Score Distribution

Your Account Isn't Verified!

In order to create a playlist on Sporcle, you need to verify the email address you used during registration. Go to your Sporcle Settings to finish the process.

Report this User

Report this user for behavior that violates our Community Guidelines.

Details: